| 000 | 00354nam a22001457a 4500 | ||
|---|---|---|---|
| 008 | 250307b |||||||| |||| 00| 0 eng d | ||
| 020 | _a025614138X | ||
| 050 |
_aHD62.4 _b.B36 |
||
| 100 | _aBARTLETT, A. Christopher | ||
| 245 | _aTransnational Management | ||
| 250 | _a2nd | ||
| 260 |
_aU.S.A _bMcGraw-Hill Cop. _c1995 |
||
| 300 | _ax, 880p. | ||
| 942 | _cBK | ||
| 999 |
_c2179 _d2179 |
||